书目信息 |
| 题名: |
第二次鸦片战争
|
|
| 作者: | 齐思和 编 | |
| 分册: | 5 | |
| 出版信息: | 上海 上海人民出版社 1978 |
|
| 页数: | 549页 | |
| 开本: | 20cm | |
| 丛书名: | 中国近代史资料丛刊 | |
| 单 册: | ||
| 中图分类: | K255.06 | |
| 科图分类: | ||
| 主题词: | 第二次鸦片战争(1856~1860) | |
| 电子资源: | ||
| ISBN: | ||
| 000 | 00659nam2 2200241 45 | |
| 001 | 1532930801 | |
| 005 | 20150125090932.51 | |
| 010 | @dCNY1.85 | |
| 091 | @a11074.374 | |
| 100 | @a19950724d1978 em y0chiy0121 ea | |
| 101 | 0 | @achi |
| 102 | @aCN@b310000 | |
| 105 | @ay z 000yy | |
| 200 | 10 | @a第二次鸦片战争@Adi er ci ya pian zhan zheng@h5@f齐思和编 |
| 210 | @a上海@c上海人民出版社@d1978 | |
| 215 | @a549页@d20cm | |
| 225 | 2 | @a中国近代史资料丛刊 |
| 410 | 0 | @120010@a中国近代史资料丛刊 |
| 606 | @a第二次鸦片战争(1856~1860) | |
| 690 | @aK255.06@v3 | |
| 701 | 0 | @a齐思和@Aqi si he@4编 |
| 801 | 0 | @aCN@bTSSF@c20150125 |
| 905 | @aZUCC@dK255.06@eJY1:5 | |
| 第二次鸦片战争.5/齐思和编.-上海:上海人民出版社,1978 |
| 549页;20cm.-(中国近代史资料丛刊) |
| ISBN :CNY1.85 |
| ● |
| 相关链接 |
|
|
|
|
正题名:第二次鸦片战争
索取号:K255.06/JY1:5
 
预约/预借
| 序号 | 登录号 | 条形码 | 馆藏地/架位号 | 状态 | 备注 |
| 1 | 7853929 | 278539299 | 学院路分馆/ [索取号:K255.06/JY1:5] | 在馆 | |
| 2 | 7853930 | 278539306 | 学院路分馆/ [索取号:K255.06/JY1:5] | 在馆 |